An adieu to the turf: a poetical epistle from the E--l of A----n to His Grace the A-----p of Y--k.

Bibliographic Details
Main Author: Abingdon, Willoughby Bertie, Earl of, 1740-1799
Format: eBook
Language:English
Edition:[The third edition].
Series:Eighteenth century collections online.
Online Access:Full text online

MARC

Tag First Indicator Second Indicator Subfields
LEADER 00000cam a2200000 4500
001 in00001909310
006 m | d |
007 cr |n||||||||n
008 780313s1778 enk|||| s 00||||eng d
005 20260406222122.8
035 |a (CStRLIN)ESTCT2605 
040 |a Uk-ES  |c Uk-ES  |d CStRLIN  |d Thomson Gale  |d UtOrBLW 
100 1 |a Abingdon, Willoughby Bertie,  |c Earl of,  |d 1740-1799. 
245 1 3 |a An adieu to the turf: a poetical epistle from the E--l of A----n to His Grace the A-----p of Y--k. 
250 |a [The third edition]. 
264 3 |a London :  |b printed for M. Smith; and sold by the booksellers in the Strand, Temple-Bar, and Paternoster-Row,  |c 1778. 
300 |a 4 unnumbered pages, vii, 1 unnumbered page, 24p ;  |c 4⁰. 
336 |a text  |b txt  |2 rdacontent 
337 |a computer  |b c  |2 rdamedia 
338 |a online resource  |b cr  |2 rdacarrier 
500 |a E--l of A----n = Earl of Abingdon, i.e. Willoughby Bertie; A-----p of Y--k = Archbishop of York. 
500 |a Edition statement from half-title. 
500 |a Reproduction of original from the British Library. 
510 4 |a English Short Title Catalog,  |c ESTCT2605. 
533 |a Electronic reproduction.  |b Farmington Hills, Mich. :  |c Thomson Gale,  |d 2003.  |n Available via the World Wide Web.  |n Access limited by licensing agreements  |7 s2003 miunns 
500 |a Electronic resource. 
830 0 |a Eighteenth century collections online. 
856 4 0 |u http://proxy.library.tamu.edu/login?url=https://galenet.galegroup.com/servlet/ECCO?c=1&stp=Author&ste=11&af=BN&ae=T002605&tiPG=1&dd=0&dc=flc&docNum=CW110413402&vrsn=1.0&srchtp=a&d4=0.33&n=10&SU=0LRK&locID=txshracd2898  |z Full text online  |t 0 
999 |a MARS 
999 f f |s 198c7839-dc1e-3612-ad53-bd936ff8ba95  |i 26476f0d-60fe-3982-bd5e-12aa7021fe9c  |t 0 
952 f f |a Texas A&M University  |b College Station  |c Electronic Resources  |s www_evans  |d Available Online  |t 0  |h No information provided 
998 f f |t 0  |l Available Online